000 00654 a2200205 4500
999 _c196539
_d196539
005 20230714145506.0
010 _aENG-137398
020 _a9789393196057
_c710.00
035 _aEN-120930
037 _bDBAD/Pub
082 1 4 _a658.5
100 _aSreekanth, D. V.
245 1 _aProduction Planning and Control
_cD. V. Sreekanth [and] J. Prem Kumar
250 _aFirst edition.
260 _aHyderabad
_bSpectrum Publishing House
_c2023
270 _a326/C, level-4 near B K Guda Park, S R Nagar
_bHyderabad
_e500 038
300 _axvi, 240p.;
_c24cm(pbk)
700 _aJ. Prem Kumar
942 _cEN
_2ddc
_h658.5
_mSRE
_eFirst edition